000 00413 a2200157 4500
003 NUST
005 20231005174130.0
008 231003b ||||| |||| 00| 0 eng d
082 _a823.8
_bHAR
100 _aThomas Hardy
245 _aThe Return of the Native/
_cThomas Hardy.
260 _aIslamabad:
_bNational Book Foundation;
_c2007.
300 _a337p.
563 _aHB.
942 _aNBS
_cBK
_k823.8 HAR
_2ddc
999 _c347030
_d347030